Appareils et verrerie de laboratoire 94

Guardat en:
Dades bibliogràfiques
Format: Llibre
Idioma:Undetermined
Publicat: France OSI 1994
Matèries:
Etiquetes: Afegir etiqueta
Sense etiquetes, Sigues el primer a etiquetar aquest registre!
Thư viện lưu trữ: Trung tâm Học liệu Trường Đại học Cần Thơ
LEADER 00399nam a2200157Ia 4500
001 CTU_160598
008 210402s9999 xx 000 0 und d
082 |a 542.1 
082 |b A646 
245 0 |a Appareils et verrerie de laboratoire 94 
260 |a France 
260 |b OSI 
260 |c 1994 
650 |a Laboratories 
904 |i Giang 
980 |a Trung tâm Học liệu Trường Đại học Cần Thơ